[Event "FRA-ch op-D"]
[Site "Albi"]
[Date "2022.08.16"]
[Round "4"]
[White "Quievy, Leopold"]
[Black "Lutz, Mattheo"]
[Result "0-1"]
[WhiteElo "1363"]
[BlackElo "1516"]
[PlyCount "80"]
[EventDate "2022.08.13"]
[EventType "swiss"]
[EventRounds "9"]
[EventCountry "FRA"]
[SourceTitle "CBM 210 Extra"]
[Source "ChessBase"]
[SourceDate "2022.11.30"]
[SourceVersion "1"]
[SourceVersionDate "2022.11.30"]
[SourceQuality "1"]

1. d4 d5 2. Bf4 Nf6 3. e3 Bf5 4. c4 c6 5. Nc3 e6 6. Nf3 Be7 7. Qb3 Qb6 8. c5 Qxb3 9. axb3 0-0 10. Be2 Nh5 11. Bxb8 Rfxb8 12. Ne5 Nf6 13. b4 a6 14. g4 Bc2 15. Kd2 Bb3 16. Ra3 Bc4 17. Bxc4 dxc4 18. Nxc4 Nxg4 19. Nb6 Ra7 20. f3 Nf6 21. Rha1 Nd5 22. Ncxd5 exd5 23. Kd3 Bd8 24. Nd7 Rc8 25. e4 dxe4+ 26. fxe4 Bc7 27. Nb6 Bxb6 28. cxb6 Raa8 29. Rc3 Rd8 30. Rc5 Rd7 31. Kc4 Re8 32. Kd3 Red8 33. Rc4 f6 34. Rd1 Rd6 35. Ke3 g6 36. Rc5 Re8 37. Kf4 g5+ 38. Kf5 Kf7 39. Rc3 h5 40. h3 Rxd4 0-1